Women of destiny / (Record no. 2661)
[ view plain ]
| 000 -LEADER | |
|---|---|
| fixed length control field | 00866cam a2200253 a 4500 |
| 001 - CONTROL NUMBER | |
| control field | 4979311 |
| 003 - CONTROL NUMBER IDENTIFIER | |
| control field | GBCCL |
| 005 - DATE AND TIME OF LATEST TRANSACTION | |
| control field | 20241126110435.0 |
| 008 - FIXED-LENGTH DATA ELEMENTS--GENERAL INFORMATION | |
| fixed length control field | 980306s1998 cau b 001 0 eng |
| 010 ## - | |
| -- | 98016372 |
| 020 ## - INTERNATIONAL STANDARD BOOK NUMBER | |
| International Standard Book Number | 0830718435 (hardcover) |
| 040 ## - CATALOGING SOURCE | |
| Original cataloging agency | DLC |
| Transcribing agency | DLC |
| Modifying agency | DLC |
| 050 00 - | |
| -- | BV4415 |
| -- | .J33 1998 |
| 082 00 - DEWEY DECIMAL CLASSIFICATION NUMBER | |
| Classification number | 248.843 |
| Edition information | 21 |
| Item number | JAC |
| 100 1# - MAIN ENTRY--PERSONAL NAME | |
| Personal name | Jacobs, Cindy, |
| Dates associated with a name | 1951- |
| 9 (RLIN) | 5599 |
| 245 10 - TITLE STATEMENT | |
| Title | Women of destiny / |
| Statement of responsibility, etc. | Cindy Jacobs. |
| 260 ## - PUBLICATION, DISTRIBUTION, ETC. | |
| Place of publication, distribution, etc. | Ventura, Calif. : |
| Name of publisher, distributor, etc. | Regal, |
| Date of publication, distribution, etc. | c1998. |
| 300 ## - PHYSICAL DESCRIPTION | |
| Extent | 322 p. ; |
| Dimensions | 23 cm. |
| 504 ## - BIBLIOGRAPHY, ETC. NOTE | |
| Bibliography, etc. note | Includes bibliographical references (p. [311]-312) and indexes. |
| 650 #0 - SUBJECT ADDED ENTRY--TOPICAL TERM | |
| Topical term or geographic name entry element | Women in church work. |
| 9 (RLIN) | 3912 |
| 906 ## - LOCAL DATA ELEMENT F, LDF (RLIN) | |
| a | 0 |
| b | vip |
| c | orignew |
| d | 1 |
| e | ocip |
| f | 19 |
| g | y-gencatlg |
| 942 ## - ADDED ENTRY ELEMENTS (KOHA) | |
| Source of classification or shelving scheme | Dewey Decimal Classification |
| Koha item type | Books |
| Koha issues (borrowed), all copies | 5 |
| Withdrawn status | Lost status | Source of classification or shelving scheme | Damaged status | Not for loan | Home library | Current Library | Shelving location | Date acquired | Total checkouts | Full call number | Barcode | Date last seen | Copy number | Price effective from | Koha item type | Date last checked out |
|---|---|---|---|---|---|---|---|---|---|---|---|---|---|---|---|---|
| Dewey Decimal Classification | GRACE BIBLE COLLEGE | GRACE BIBLE COLLEGE | Ministry & Mission | 2017-09-11 | 248.843 JAC | 011784 | 2025-05-01 | c.6 | 2017-09-11 | Books | ||||||
| Dewey Decimal Classification | GRACE BIBLE COLLEGE | GRACE BIBLE COLLEGE | Ministry & Mission | 2017-11-30 | 248.843 JAC | 011450 | 2025-05-01 | c.1 | 2017-11-30 | Books | ||||||
| Dewey Decimal Classification | GRACE BIBLE COLLEGE | GRACE BIBLE COLLEGE | Ministry & Mission | 2017-11-30 | 248.843 JAC | 011453 | 2025-05-01 | c.4 | 2017-11-30 | Books | ||||||
| Dewey Decimal Classification | GRACE BIBLE COLLEGE | GRACE BIBLE COLLEGE | Ministry & Mission | 2017-12-08 | 248.843 JAC | 011454 | 2025-05-01 | c.5 | 2017-12-08 | Books | ||||||
| Dewey Decimal Classification | GRACE BIBLE COLLEGE | GRACE BIBLE COLLEGE | Ministry & Mission | 2017-12-08 | 2 | 248.843 JAC | 011855 | 2025-05-01 | c.7 | 2017-12-08 | Books | 2024-09-10 | ||||
| Dewey Decimal Classification | GRACE BIBLE COLLEGE | GRACE BIBLE COLLEGE | Ministry & Mission | 2017-12-08 | 3 | 248.843 JAC | 011858 | 2025-05-01 | c.8 | 2017-12-08 | Books | 2024-09-04 | ||||
| Dewey Decimal Classification | GRACE BIBLE COLLEGE | GRACE BIBLE COLLEGE | Ministry & Mission | 2018-01-10 | 248.843 JAC | 011451 | 2025-05-01 | c.2 | 2018-01-10 | Books | ||||||
| Dewey Decimal Classification | GRACE BIBLE COLLEGE | GRACE BIBLE COLLEGE | Ministry & Mission | 2018-01-10 | 248.843 JAC | 011452 | 2025-05-01 | c.3 | 2018-01-10 | Books |